Artificial Intelligence
Saved in:
| Format: | Serial |
|---|---|
| Published: |
1972
|
| Tags: |
No Tags, Be the first to tag this record!
|
MARC
| LEADER | 00000nas a22000003a 4500 | ||
|---|---|---|---|
| 001 | stu76956 | ||
| 005 | 20141121223328.7 | ||
| 008 | 020819s1972----------------------------d | ||
| 040 | |a STU |b slo | ||
| 041 | 0 | ||
| 245 | |a Artificial Intelligence | ||
| 260 | |c 1972 | ||
| 500 | |a 1-4 | ||
| 500 | |a 4 | ||
| 773 | 0 | |t Artificial Intelligence |w stu_us_cat*stu59447 |x 0004-3702 |7 nnas | |
| 996 | |d Vol. 3, 1972 |v Vol. 3 |y 1972 |l II680 |s A |a 24 |w stu76956_0001 | ||